<?xml version="1.0" encoding="UTF-8"?>
<record
    xmlns:xsi="http://www.w3.org/2001/XMLSchema-instance"
    xsi:schemaLocation="http://www.loc.gov/MARC21/slim http://www.loc.gov/standards/marcxml/schema/MARC21slim.xsd"
    xmlns="http://www.loc.gov/MARC21/slim">

  <leader>02035    a2200205   4500</leader>
  <controlfield tag="001">48543</controlfield>
  <controlfield tag="005">20260407155749.0</controlfield>
  <controlfield tag="008">260407a1964    arg                 spa d</controlfield>
  <controlfield tag="003">AR-UNSa-BCEJYS</controlfield>
  <datafield tag="040" ind1=" " ind2=" ">
    <subfield code="a">AR-UNSa-BCEJYS</subfield>
    <subfield code="b">spa</subfield>
    <subfield code="c">AR-UNSa-BCEJYS</subfield>
  </datafield>
  <datafield tag="080" ind1=" " ind2=" ">
    <subfield code="a">330.834</subfield>
    <subfield code="x">Keynes y el keynesianismo. Neokeynesianismo. Poskeynesianismo</subfield>
  </datafield>
  <datafield tag="245" ind1="1" ind2="0">
    <subfield code="a">Econom&#xED;a Poskeynesiana</subfield>
  </datafield>
  <datafield tag="264" ind1=" " ind2="1">
    <subfield code="a">Madrid :</subfield>
    <subfield code="b">Aguilar</subfield>
    <subfield code="c">1964</subfield>
  </datafield>
  <datafield tag="300" ind1=" " ind2=" ">
    <subfield code="a">490 p.</subfield>
    <subfield code="c">22 cm.</subfield>
  </datafield>
  <datafield tag="505" ind1=" " ind2=" ">
    <subfield code="a">Primera Parte: Teor&#xED;a y pol&#xED;tica monetaria: 1. Teor&#xED;a de una econom&#xED;a monetaria / Dudley Dillard - 2. Algunas implicaciones olvidadas de la inflaci&#xF3;n secular / Mart&#xED;n Bronfenbrenner - 3. Las pol&#xED;ticas de estabilizaci&#xF3;n monetaria y la teor&#xED;a Keynesiana / Mabel F. Timilin - 4. Estabilidad a trav&#xE9;s de la inflaci&#xF3;n / William S. Vickrey - 5. La econom&#xED;a Keynesiana y la teor&#xED;a cuantitativa / Don Patinkin  - - Segunda Parte: FLUCTUACIONES Y CRECIMIENTO ECONOMICOS: 6. Aspectos institucionales de las fluctuaciones / Howard R. Bowen y Gerald M. Meier - 7. Las teor&#xED;as del ciclo econ&#xF3;mico basadas en el ajuste del "stock" de capital y el problema de la pol&#xED;tica / R. C. O. Matthews - 8. Hac&#xED;a una teor&#xED;a general macrodin&#xE1;mica y no lineal de las fluctuaciones econ&#xF3;micas / Shinichi Inchimura - 9. Inversi&#xF3;n neta y progreso industrial / Antol Murad - 10. Distribucci&#xF3;n, empleo y crecimiento secular / Kenneth K. Kurilhara  Tercera Parte: LA PRUEBA EMP&#xCD;RICA Y LA ECONOM&#xCD;A AGRGATIVA: 11. Fundamentos emp&#xED;ricos de la econom&#xED;a keinesiana / Lawrence R. Klein - 12. Keynes frente a Marx: metodolog&#xED;a de la agregaci&#xF3;n / Shigeto Tsuru - 13. Keynes y tradici&#xF3;n cl&#xE1;sica / Paul P. Streeten - 14. La corrientes de fondos empresariales, el consumo y la inversi&#xF3;n / Lorie Tarshis - 15. El an&#xE1;lisis de la utilidad y la funci&#xF3;n del consumo (una interpretaci&#xF3;n de las muestras cruzadas) / Franco Modigliani y Richard Brumberg. </subfield>
  </datafield>
  <datafield tag="942" ind1=" " ind2=" ">
    <subfield code="c">BK</subfield>
  </datafield>
  <datafield tag="590" ind1=" " ind2=" ">
    <subfield code="a">niveau_biblio:m niveau_hierar:0</subfield>
  </datafield>
  <datafield tag="100" ind1="1" ind2=" ">
    <subfield code="a">Kurihara, Kenneth k.</subfield>
  </datafield>
  <datafield tag="700" ind1="1" ind2=" ">
    <subfield code="a">Ruiz de Cenzano y Losa, Jes&#xFA;s</subfield>
  </datafield>
  <datafield tag="999" ind1=" " ind2=" ">
    <subfield code="c">4611</subfield>
    <subfield code="d">4611</subfield>
  </datafield>
  <datafield tag="952" ind1=" " ind2=" ">
    <subfield code="0">0</subfield>
    <subfield code="1">0</subfield>
    <subfield code="4">0</subfield>
    <subfield code="7">0</subfield>
    <subfield code="a">BCEJYS</subfield>
    <subfield code="b">BCEJYS</subfield>
    <subfield code="c">16</subfield>
    <subfield code="d">2026-04-07</subfield>
    <subfield code="l">0</subfield>
    <subfield code="o">330.834 K95e</subfield>
    <subfield code="p">L24606</subfield>
    <subfield code="r">2026-04-07 15:57:49</subfield>
    <subfield code="w">2026-04-07</subfield>
    <subfield code="y">L</subfield>
  </datafield>
  <datafield tag="952" ind1=" " ind2=" ">
    <subfield code="0">0</subfield>
    <subfield code="1">0</subfield>
    <subfield code="4">0</subfield>
    <subfield code="7">0</subfield>
    <subfield code="a">BCEJYS</subfield>
    <subfield code="b">BCEJYS</subfield>
    <subfield code="c">16</subfield>
    <subfield code="d">2026-04-07</subfield>
    <subfield code="l">0</subfield>
    <subfield code="o">330.834 K95e</subfield>
    <subfield code="p">L24607</subfield>
    <subfield code="r">2026-04-07 15:57:50</subfield>
    <subfield code="w">2026-04-07</subfield>
    <subfield code="y">L</subfield>
  </datafield>
</record>
